| 000 | 00796nam a22002297a 4500 | ||
|---|---|---|---|
| 999 |
_c511 _d511 |
||
| 003 | AR-CdUCM | ||
| 008 | 190223b ||||| |||| 00| 0 eng d | ||
| 040 |
_aMUNICIPALIDAD PROVINCIAL DEL CUSCO _cBIBLIOTECA MUNICIPAL DEL CUSCO |
||
| 082 |
_a984 / _bL84 |
||
| 100 |
_aLora, Guillermo _91982 |
||
| 245 |
_aHistoria del movimiento obrero boliviano / _cGuillermo Lora. |
||
| 260 |
_aLa Paz : _bEdit. Los amigos del libro, _c1969. |
||
| 300 |
_a448 paginas ; _c19 cm. |
||
| 440 |
_aEnciclopedia boliviana _91983 |
||
| 505 | _aUnión gráfica -- Independencia clasista -- Federaciones de trabajo -- Los ferroviarios. | ||
| 650 |
_aMovimiento. _91984 |
||
| 650 |
_aLiberalismo. _91985 |
||
| 650 |
_aObrera. _91986 |
||
| 650 |
_aRevolucionario. _926 |
||
| 942 |
_2ddc _cLIBROS |
||
| 945 |
_aacrt _d2019-02-23 |
||